000 01101nam a22002537a 4500
005 20170124103047.0
010 _aA-292545
020 _c70.00
035 _aA-292545
037 _bCen Lib/Ret
040 _aDPL
_bHN
082 _a823.08
_bपुष्पा
100 _aपुष्पपाल सिंह
_969487
245 _aसमकालीन कहानी :रचना मुद्रा /
_cपुष्पपाल सिंह
246 _aSmkaleen kahani :rachna mudra
_b by Pushappal Singh
260 _aनई दिल्ली
_bराधा कृषण प्रकाशन
_c1986
270 _a2/38,अंसारी रोड दरिया गंज
_bनई दिल्ली
_e110002
300 _a230पृष्ठ.
_c19सेमी(सजिल्द)
650 _aहिंदी साहित्य
_969488
650 _a कहानी में समकालीनता
_92695
650 _aHindi literature
_969489
650 _aSimultaneity of story
_969490
942 _2ddc
_cHN
_h823.08
_mपुष्पा
999 _c117001
_d117001